000 00408nam a22001337a 4500
999 _c7731
_d7731
005 20190313112831.0
008 190313b ||||| |||| 00| 0 eng d
022 _a9789993628576
082 _a315.498 N27t 2018
245 _a2017 population & housing census of Bhutan ;
_bMongar Dzongkhag
260 _aThimphu ;
_bNational Statistics Bureau,
_c2018.
300 _aviii, 87 p.
_c24 cm.
942 _2ddc
_cPERIODICAL